[Event "Czech League (Extraliga) 2014/15"]
[Site "Prague CZE"]
[Date "2014.11.01"]
[Round "1"]
[White "Navara, David"]
[Black "Bures, Jaroslav"]
[Result "1-0"]
[WhiteElo "2727"]
[BlackElo "2395"]
[PlyCount "89"]
[EventDate "2014.11.01"]
[WhiteTeam "1. SK Novoborsky"]
[BlackTeam "2222 SK Polabiny"]

1. c4 c5 2. Nf3 Nc6 3. Nc3 g6 4. e3 Bg7 5. d4 d6 6. h3 Nf6 7. d5 Na5 8. a3 Nd7
9. Bd2 b5 10. Nxb5 a6 11. Bc3 f6 12. Nbd4 cxd4 13. Nxd4 Qb6 14. b4 Nb7 15. Ne6
Bh6 16. Bd4 Ndc5 17. Be2 Bxe6 18. dxe6 O-O 19. Bf3 Rab8 20. O-O Qc7 21. Bd5 f5
22. bxc5 Nxc5 23. Rb1 Rxb1 24. Qxb1 Rb8 25. Qc2 Qb6 26. e4 Qb3 27. Qxb3 Rxb3
28. e5 Bf4 29. Re1 Rd3 30. Be3 Rxe3 31. fxe3 Bxe5 32. Rf1 Kg7 33. g4 Kf6 34. h4
Bg3 35. gxf5 gxf5 36. Kg2 Be5 37. Rb1 Nxe6 38. Bxe6 Kxe6 39. Rb6 a5 40. Ra6 Bc3
41. c5 Bd2 42. Kf3 h5 43. c6 d5 44. c7+ Kd7 45. Rc6 1-0

[Event "Czech League (Extraliga) 2014/15"]
[Site "Prague CZE"]
[Date "2014.11.02"]
[Round "2"]
[White "Kryvoruchko, Yuriy"]
[Black "Navara, David"]
[Result "1/2-1/2"]
[WhiteElo "2706"]
[BlackElo "2727"]
[PlyCount "46"]
[EventDate "2014.11.01"]
[WhiteTeam "Rapid Pardubice"]
[BlackTeam "1. SK Novoborsky"]

1. e4 c6 2. d4 d5 3. e5 Bf5 4. Nf3 e6 5. Be2 c5 6. Be3 cxd4 7. Nxd4 Ne7 8. Nd2
Nbc6 9. N2f3 Be4 10. O-O Ng6 11. Nxc6 bxc6 12. Ng5 Be7 13. Nxe4 dxe4 14. Qd4
Qd5 15. f4 exf3 16. Bxf3 Qxd4 17. Bxd4 O-O-O 18. Bc3 Bc5+ 19. Kh1 Bd4 20. Ba5
Bb6 21. Bc3 Bd4 22. Ba5 Bb6 23. Bc3 Bd4 1/2-1/2

[Event "Bundesliga 2014/15"]
[Site "Eppingen GER"]
[Date "2014.10.18"]
[Round "1"]
[White "Kraemer, Martin"]
[Black "Harikrishna, Pentala"]
[Result "1/2-1/2"]
[WhiteElo "2570"]
[BlackElo "2727"]
[PlyCount "166"]
[EventDate "2014.10.18"]
[EventType "team"]
[WhiteTeam "SF Berlin 1903"]
[BlackTeam "SC Eppingen"]

1. d4 Nf6 2. c4 e6 3. g3 d5 4. Nf3 dxc4 5. Bg2 c6 6. Ne5 Bb4+ 7. Bd2 Be7 8. Be3
b5 9. Nxc6 Nxc6 10. Bxc6+ Bd7 11. Bxa8 Qxa8 12. f3 Nd5 13. Bf2 O-O 14. O-O f5
15. a3 Bg5 16. Nc3 Bc6 17. Nxd5 exd5 18. Be1 a5 19. Kg2 Re8 20. Bd2 Bf6 21. Bc3
Qd8 22. Qd2 a4 23. Rae1 Bg5 24. e3 Qd7 25. Qf2 Re6 26. Rh1 Qf7 27. Bb4 Bd8 28.
Kf1 Qg6 29. Rg1 Qh6 30. Kg2 Qh5 31. Kh1 Rf6 32. Qg2 Qf7 33. Rgf1 Bc7 34. Re2 h5
35. f4 Rh6 36. Qf3 Bd7 37. Kg1 Qe6 38. Rg2 Bd8 39. h4 Bc6 40. Re1 Qe8 41. Kf2
Re6 42. Qd1 Re4 43. Rgg1 Bc7 44. Rh1 Qg6 45. Rhg1 Qg4 46. Qf3 Kf7 47. Rgf1 Ke8
48. Ke2 Qg6 49. Kd2 Kd7 50. Kc3 Kc8 51. Re2 Be8 52. Rg1 Bb6 53. Rd1 Qe6 54.
Rdd2 Kb7 55. Qf2 Bc7 56. Re1 Bf7 57. Rdd1 Qd7 58. Qf3 Re6 59. Qf2 Rg6 60. Rg1
Qe6 61. Rd2 Qe4 62. Rdd1 Rg4 63. Rd2 Rg6 64. Re1 Bd8 65. Rg1 Ra6 66. Ra1 Kc8
67. Re1 Re6 68. Rdd1 Rg6 69. Rd2 Kd7 70. Rg1 Be7 71. Ra1 Bf6 72. Re1 Kc6 73.
Rg1 Bd8 74. Re1 Qe8 75. Qf3 Re6 76. Rdd1 Re4 77. Qf2 Bc7 78. Ra1 Bb6 79. Rad1
Re6 80. Rd2 Bc7 81. Rdd1 Re4 82. Ra1 Re6 83. Rad1 Re4 1/2-1/2

[Event "Bundesliga 2014/15"]
[Site "Eppingen GER"]
[Date "2014.10.18"]
[Round "1"]
[White "Eljanov, Pavel"]
[Black "Svidler, Peter"]
[Result "1/2-1/2"]
[WhiteElo "2719"]
[BlackElo "2732"]
[PlyCount "50"]
[EventDate "2014.10.18"]
[EventType "team"]
[WhiteTeam "USV TU Dresden"]
[BlackTeam "OSG Baden-Baden"]

1. d4 Nf6 2. c4 g6 3. g3 Bg7 4. Bg2 O-O 5. Nc3 d6 6. Nf3 Nbd7 7. O-O e5 8. b3
Re8 9. e4 exd4 10. Nxd4 Nc5 11. f3 c6 12. Be3 d5 13. Nxc6 bxc6 14. Bxc5 dxc4
15. Qc2 Be6 16. f4 Ng4 17. e5 Bf8 18. Bf2 cxb3 19. axb3 Nxf2 20. Qxf2 Qb6 21.
Ne4 Red8 22. Rfc1 Kg7 23. Qxb6 axb6 24. Rxa8 Rxa8 25. Nd6 Bxb3 1/2-1/2

[Event "Bundesliga 2014/15"]
[Site "Eppingen GER"]
[Date "2014.10.18"]
[Round "1"]
[White "Bacrot, Etienne"]
[Black "Almasi, Zoltan"]
[Result "1/2-1/2"]
[WhiteElo "2719"]
[BlackElo "2695"]
[PlyCount "48"]
[EventDate "2014.10.18"]
[EventType "team"]
[WhiteTeam "OSG Baden-Baden"]
[BlackTeam "USV TU Dresden"]

1. d4 Nf6 2. c4 e6 3. Nf3 b6 4. g3 Ba6 5. Qb3 d5 6. cxd5 Qxd5 7. Qc2 Nc6 8. Nc3
Nb4 9. Qa4+ Qc6 10. Qxc6+ Nxc6 11. e3 Bxf1 12. Kxf1 O-O-O 13. Ke2 Bd6 14. Rd1
Rhe8 15. Ng5 Rd7 16. f4 Bb4 17. Bd2 Bxc3 18. Bxc3 h6 19. Nf3 Ne4 20. Be1 f6 21.
Kd3 Nc5+ 22. Ke2 Ne4 23. Kd3 Nc5+ 24. Ke2 Ne4 1/2-1/2

[Event "Bundesliga 2014/15"]
[Site "Eppingen GER"]
[Date "2014.10.18"]
[Round "1"]
[White "Gajewski, Grzegorz"]
[Black "Naiditsch, Arkadij"]
[Result "0-1"]
[WhiteElo "2643"]
[BlackElo "2710"]
[PlyCount "108"]
[EventDate "2014.10.18"]
[EventType "team"]
[WhiteTeam "USV TU Dresden"]
[BlackTeam "OSG Baden-Baden"]

1. d4 Nf6 2. c4 e6 3. Nc3 d5 4. Bg5 Be7 5. Nf3 Nbd7 6. e3 h6 7. Bh4 O-O 8. cxd5
Nxd5 9. Nxd5 Bxh4 10. Nxh4 exd5 11. Nf3 c5 12. dxc5 Nxc5 13. Be2 Bg4 14. O-O
Ne6 15. Qa4 Bxf3 16. Bxf3 Ng5 17. Bd1 d4 18. Qxd4 Qxd4 19. exd4 Rfd8 20. Bb3
Rxd4 21. Rad1 Rad8 22. Rxd4 Rxd4 23. Rc1 Kf8 24. Rc7 Rb4 25. Kf1 a5 26. Rc4 Rb5
27. Rd4 Ke7 28. Rd5 Rxd5 29. Bxd5 b5 30. Ke2 Kd6 31. Bb3 a4 32. Bc2 Ne6 33. Ke3
Kc5 34. Bh7 Nd4 35. Ke4 Nc6 36. Bg8 f5+ 37. Kf4 g5+ 38. Kxf5 Ne7+ 39. Ke6 Nxg8
40. Kf7 Kb4 41. Kxg8 a3 42. bxa3+ Kxa3 43. Kg7 Kxa2 44. Kxh6 b4 45. Kxg5 b3 46.
h4 b2 47. h5 b1=Q 48. g4 Qh7 49. f4 Kb3 50. Kf6 Qh6+ 51. Ke5 Kc4 52. f5 Qg5 53.
Ke6 Qxg4 54. h6 Qh3 0-1

[Event "Bundesliga 2014/15"]
[Site "Solingen GER"]
[Date "2014.10.18"]
[Round "1"]
[White "Motylev, Alexander"]
[Black "Wojtaszek, Radoslaw"]
[Result "1/2-1/2"]
[WhiteElo "2682"]
[BlackElo "2742"]
[PlyCount "118"]
[EventDate "2014.10.18"]
[EventType "team"]
[WhiteTeam "SV Muelheim Nord"]
[BlackTeam "SK Schwaebisch Hall"]

1. e4 c5 2. Nf3 d6 3. d4 cxd4 4. Nxd4 Nf6 5. Nc3 a6 6. h3 e5 7. Nde2 h5 8. g3
Be7 9. Bg2 Be6 10. a4 Nbd7 11. O-O Rc8 12. a5 h4 13. g4 Nh7 14. Nd5 Bxd5 15.
Qxd5 Rc6 16. c3 O-O 17. f4 Qc7 18. Be3 exf4 19. Nxf4 Bg5 20. Kh1 Ne5 21. Qa2
Re8 22. Nd5 Qd7 23. Bd4 Kh8 24. Nb6 Qd8 25. Bxe5 Rxe5 26. Rxf7 Rc7 27. Rf5 Nf6
28. Raf1 Rcc5 29. Qf7 Rxa5 30. Nc4 Rxf5 31. exf5 Rc5 32. Rd1 Bf4 33. Rd4 d5 34.
Rxf4 Rxc4 35. Rxc4 dxc4 36. g5 Qd1+ 37. Kh2 Qd2 38. gxf6 Qf4+ 39. Kh1 Qc1+ 40.
Kh2 Qf4+ 41. Kg1 Qe3+ 42. Kf1 Qd3+ 43. Ke1 Qe3+ 44. Kd1 Qg1+ 45. Kc2 Qf2+ 46.
Kb1 Qxf5+ 47. Ka2 Qa5+ 48. Kb1 Qf5+ 49. Kc1 Qg5+ 50. Kd1 Qxg2 51. Qe8+ Kh7 52.
Qh5+ Kg8 53. Qe8+ Kh7 54. f7 Qf1+ 55. Kc2 Qd3+ 56. Kc1 Qf1+ 57. Kd2 Qf2+ 58.
Kc1 Qf1+ 59. Kd2 Qf2+ 1/2-1/2

[Event "Bundesliga 2014/15"]
[Site "Solingen GER"]
[Date "2014.10.18"]
[Round "1"]
[White "Li, Chao b"]
[Black "Landa, Konstantin"]
[Result "1-0"]
[WhiteElo "2711"]
[BlackElo "2647"]
[PlyCount "61"]
[EventDate "2014.10.18"]
[EventType "team"]
[WhiteTeam "SK Schwaebisch Hall"]
[BlackTeam "SV Muelheim Nord"]

1. c4 e5 2. Nc3 Nc6 3. g3 f5 4. Nf3 Nf6 5. d4 e4 6. Nh4 d5 7. Bg5 dxc4 8. e3
Bb4 9. Bxc4 Bd7 10. Qb3 Qe7 11. O-O Na5 12. Bxf6 gxf6 13. Qc2 Nxc4 14. Nd5 Qd6
15. Qxc4 Ba5 16. Rac1 O-O-O 17. b4 Bb6 18. Nf4 Kb8 19. a4 a5 20. bxa5 Bxa5 21.
Rb1 Qc6 22. Qe2 b6 23. Rfc1 Qxa4 24. d5 Bc8 25. Ra1 Qb4 26. Qc2 Rd7 27. Rcb1
Qd2 28. Qa4 Ka7 29. Nxf5 Rhd8 30. Nd4 Rxd5 31. Nc6+ 1-0

[Event "Bundesliga 2014/15"]
[Site "Dortmund GER"]
[Date "2014.10.18"]
[Round "1"]
[White "Rapport, Richard"]
[Black "Donchenko, Alexander"]
[Result "1-0"]
[WhiteElo "2720"]
[BlackElo "2501"]
[PlyCount "47"]
[EventDate "2014.10.18"]
[EventType "team"]
[WhiteTeam "SV 1930 Hockenheim"]
[BlackTeam "SC Hansa Dortmund"]

1. e4 c5 2. Na3 g6 3. h4 Bg7 4. h5 Nc6 5. Bb5 d6 6. d3 Rb8 7. Nc4 e6 8. Qf3 e5
9. Ne2 Be6 10. Bd2 a6 11. Bxc6+ bxc6 12. b3 d5 13. Na5 Rb6 14. c4 Nf6 15. h6
Bf8 16. Nc3 Bg4 17. Qg3 dxe4 18. Qxe5+ Be7 19. Nxe4 O-O 20. Bg5 Qxd3 21. f3
Bxf3 22. gxf3 Qxf3 23. Bxf6 Qxh1+ 24. Kf2 1-0

[Event "Bundesliga 2014/15"]
[Site "Dortmund GER"]
[Date "2014.10.18"]
[Round "1"]
[White "Henrichs, Thomas"]
[Black "Moiseenko, Alexander"]
[Result "0-1"]
[WhiteElo "2492"]
[BlackElo "2698"]
[PlyCount "62"]
[EventDate "2014.10.18"]
[EventType "team"]
[WhiteTeam "SC Hansa Dortmund"]
[BlackTeam "SV 1930 Hockenheim"]

1. d4 Nf6 2. c4 e6 3. Nc3 Bb4 4. Qc2 d5 5. a3 Bxc3+ 6. Qxc3 c5 7. dxc5 d4 8.
Qg3 Nc6 9. Nf3 e5 10. Nxe5 Qa5+ 11. Bd2 Qxd2+ 12. Kxd2 Ne4+ 13. Ke1 Nxg3 14.
Nxc6 Nxh1 15. Nxd4 h5 16. e3 h4 17. Nb5 Kf8 18. Bd3 Rh5 19. Nc7 Rb8 20. b4 Bf5
21. Be2 Rg5 22. Bf3 Bd3 23. Rc1 a5 24. Nd5 axb4 25. axb4 Ra8 26. Nf4 Bf5 27. g4
Rxg4 28. Kf1 g5 29. Ne2 Ra2 30. Bxh1 Bd3 31. Bf3 Rxc4 0-1

[Event "Bundesliga 2014/15"]
[Site "Dortmund GER"]
[Date "2014.10.19"]
[Round "2"]
[White "Moiseenko, Alexander"]
[Black "Kryvoruchko, Yuriy"]
[Result "1/2-1/2"]
[WhiteElo "2698"]
[BlackElo "2710"]
[PlyCount "41"]
[EventDate "2014.10.18"]
[EventType "team"]
[WhiteTeam "SV 1930 Hockenheim"]
[BlackTeam "SF Katernberg"]

1. d4 Nf6 2. c4 e6 3. Nf3 b6 4. g3 Ba6 5. Qb3 Nc6 6. Nbd2 d5 7. Bg2 Bd6 8. cxd5
exd5 9. Ne5 Na5 10. Qa4+ c6 11. O-O O-O 12. Re1 Re8 13. Ndf3 Ne4 14. Bf4 c5 15.
Rac1 Bb7 16. Nd3 Bf8 17. dxc5 bxc5 18. b4 Nc4 19. bxc5 Nxc5 20. Nxc5 Bxc5 21.
e3 1/2-1/2

[Event "Bundesliga 2014/15"]
[Site "Solingen GER"]
[Date "2014.10.19"]
[Round "2"]
[White "Ragger, Markus"]
[Black "Jakovenko, Dmitry"]
[Result "1/2-1/2"]
[WhiteElo "2658"]
[BlackElo "2747"]
[PlyCount "49"]
[EventDate "2014.10.18"]
[EventType "team"]
[WhiteTeam "SG Solingen"]
[BlackTeam "SK Schwaebisch Hall"]

1. d4 Nf6 2. c4 e6 3. Nf3 d5 4. g3 Be7 5. Bg2 O-O 6. O-O dxc4 7. Qc2 a6 8. a4
Bd7 9. Qxc4 Bc6 10. Bf4 Bd6 11. Bg5 Nbd7 12. Nc3 h6 13. Bxf6 Nxf6 14. Rfd1 Qe7
15. Nd2 Bxg2 16. Kxg2 c5 17. Nde4 Nxe4 18. Nxe4 cxd4 19. Qxd4 Bb4 20. Nd6 Bxd6
21. Qxd6 Qf6 22. Qb6 Qe7 23. Qd6 Qf6 24. Qb6 Qe7 25. Qd6 1/2-1/2

[Event "Bundesliga 2014/15"]
[Site "Solingen GER"]
[Date "2014.10.19"]
[Round "2"]
[White "Wojtaszek, Radoslaw"]
[Black "Sandipan, Chanda"]
[Result "1-0"]
[WhiteElo "2742"]
[BlackElo "2603"]
[PlyCount "75"]
[EventDate "2014.10.18"]
[EventType "team"]
[WhiteTeam "SK Schwaebisch Hall"]
[BlackTeam "SG Solingen"]

1. d4 d5 2. c4 e6 3. Nc3 Be7 4. cxd5 exd5 5. Bf4 Nf6 6. e3 O-O 7. Bd3 c5 8.
dxc5 Nbd7 9. Nge2 Nxc5 10. Bc2 Qb6 11. Rb1 Nce4 12. O-O Nxc3 13. Nxc3 Bg4 14.
Qd3 g6 15. Nxd5 Nxd5 16. Qxd5 Be6 17. Qe5 Rfc8 18. Bh6 f6 19. Qe4 Bf8 20. Bxf8
Kxf8 21. Qa4 Bxa2 22. Qxa2 Rxc2 23. Rfd1 Rac8 24. h4 R2c7 25. Rd4 Rc1+ 26. Rxc1
Rxc1+ 27. Kh2 Qc7+ 28. Rf4 a6 29. g3 Qc6 30. e4 Re1 31. Qa3+ Ke8 32. Qb3 f5 33.
Qg8+ Kd7 34. Qxh7+ Kc8 35. Qh8+ Kc7 36. Qe5+ Kd7 37. h5 Qc4 38. hxg6 1-0

[Event "Bundesliga 2014/15"]
[Site "Solingen GER"]
[Date "2014.10.19"]
[Round "2"]
[White "Nikolic, Predrag"]
[Black "Li, Chao b"]
[Result "1/2-1/2"]
[WhiteElo "2605"]
[BlackElo "2711"]
[PlyCount "108"]
[EventDate "2014.10.18"]
[EventType "team"]
[WhiteTeam "SG Solingen"]
[BlackTeam "SK Schwaebisch Hall"]

1. d4 Nf6 2. Nf3 g6 3. g3 d5 4. Bg2 Bg7 5. O-O c6 6. b3 O-O 7. c4 Ne4 8. Bb2 a5
9. Nc3 Bf5 10. e3 Nxc3 11. Bxc3 Be4 12. Qe2 e6 13. Rfc1 Nd7 14. Bf1 Bxf3 15.
Qxf3 Qe7 16. Rab1 Rfd8 17. a4 Nb6 18. Qd1 Ra7 19. c5 Nd7 20. b4 axb4 21. Rxb4
e5 22. Qb3 exd4 23. exd4 Nf6 24. Re1 Qd7 25. Bd2 Ne4 26. Be3 Re8 27. Rb1 Re7
28. a5 h5 29. f3 Nf6 30. Bf2 Nh7 31. Ra4 Ng5 32. Qd3 Ra8 33. Re1 Nh3+ 34. Bxh3
Rxe1+ 35. Bxe1 Qxh3 36. Bf2 Qc8 37. Kg2 Bf6 38. Qe2 Kg7 39. h3 Ra6 40. g4 hxg4
41. hxg4 Qd8 42. Qe1 Qe7 43. Qxe7 Bxe7 44. Kf1 Bd8 45. Be1 Bc7 46. Bd2 Kf6 47.
Ke2 Ke6 48. Kd3 Kd7 49. Ra1 Ra7 50. Rb1 Bd8 51. Ra1 Ra8 52. Rb1 Ra7 53. Ra1 Kc8
54. Rh1 Kd7 1/2-1/2

[Event "Bundesliga 2014/15"]
[Site "Eppingen GER"]
[Date "2014.10.19"]
[Round "2"]
[White "Harikrishna, Pentala"]
[Black "Eljanov, Pavel"]
[Result "1/2-1/2"]
[WhiteElo "2727"]
[BlackElo "2719"]
[PlyCount "95"]
[EventDate "2014.10.18"]
[EventType "team"]
[WhiteTeam "SC Eppingen"]
[BlackTeam "USV TU Dresden"]

1. d4 Nf6 2. Nf3 d5 3. c4 e6 4. Nc3 Nbd7 5. Bg5 Be7 6. e3 O-O 7. Qc2 h6 8. Bh4
c5 9. Rd1 cxd4 10. Nxd4 Nb6 11. Be2 Bd7 12. Bxf6 Bxf6 13. cxd5 Nxd5 14. Nxd5
exd5 15. Qc5 Qb6 16. Qxb6 axb6 17. a3 Rfc8 18. Bf3 Ba4 19. b3 Bxd4 20. bxa4
Bc3+ 21. Ke2 Rxa4 22. Bxd5 Rxa3 23. Bxb7 Rc7 24. Rd8+ Kh7 25. Be4+ g6 26. Rb1
Ra2+ 27. Kf3 b5 28. h4 Bf6 29. Rb8 Bxh4 30. g3 Be7 31. R1xb5 Kg7 32. Re8 h5 33.
Rbb8 Rd2 34. Rg8+ Kf6 35. Rb6+ Rd6 36. Rb5 Rd8 37. Rb6+ Rd6 38. Rbb8 Rcd7 39.
Ra8 Rd8 40. Rgxd8 Rxd8 41. Ra7 Bc5 42. Rc7 Ba3 43. Ra7 Bc5 44. Rc7 Ba3 45. Bc2
Re8 46. Ra7 Bb4 47. Bb3 Re7 48. Rxe7 1/2-1/2

[Event "Bundesliga 2014/15"]
[Site "Eppingen GER"]
[Date "2014.10.19"]
[Round "2"]
[White "Almasi, Zoltan"]
[Black "Bogner, Sebastian"]
[Result "1-0"]
[WhiteElo "2695"]
[BlackElo "2599"]
[PlyCount "79"]
[EventDate "2014.10.18"]
[EventType "team"]
[WhiteTeam "USV TU Dresden"]
[BlackTeam "SC Eppingen"]

1. e4 c5 2. Nf3 d6 3. d4 cxd4 4. Nxd4 Nf6 5. Nc3 a6 6. Bg5 e6 7. f4 h6 8. Bh4
Be7 9. Qf3 Qc7 10. O-O-O Nbd7 11. Be2 O-O 12. g4 b5 13. g5 hxg5 14. Bxg5 b4 15.
Nd5 exd5 16. Nf5 Nc5 17. Nxe7+ Qxe7 18. e5 dxe5 19. fxe5 Qxe5 20. Bxf6 Qxf6 21.
Qxf6 gxf6 22. Rhg1+ Kh8 23. Rxd5 f5 24. Rxc5 Be6 25. Ra5 Rg8 26. Rf1 Rac8 27.
b3 Rg2 28. Bd3 Rxh2 29. Rxa6 Rh4 30. Ra5 f4 31. Rb5 Rh3 32. Kb2 f3 33. Rxb4 Rg8
34. a4 Bd5 35. a5 Kg7 36. Be4 Bxe4 37. Rxe4 Kf6 38. Re3 Rgg3 39. a6 Kg5 40.
Rfxf3 1-0

[Event "Bundesliga 2014/15"]
[Site "Eppingen GER"]
[Date "2014.10.19"]
[Round "2"]
[White "Svidler, Peter"]
[Black "Kraemer, Martin"]
[Result "1-0"]
[WhiteElo "2732"]
[BlackElo "2570"]
[PlyCount "51"]
[EventDate "2014.10.18"]
[EventType "team"]
[WhiteTeam "OSG Baden-Baden"]
[BlackTeam "SF Berlin 1903"]

1. e4 c5 2. Nf3 d6 3. d4 cxd4 4. Nxd4 Nf6 5. Nc3 a6 6. h3 e6 7. g4 d5 8. Bg2
Nxe4 9. Nxe4 dxe4 10. Bxe4 Bc5 11. Be3 Qc7 12. Qd3 e5 13. Nb3 Bxe3 14. Qxe3 O-O
15. O-O-O Nc6 16. Rhe1 f5 17. Bd5+ Kh8 18. g5 f4 19. Qc3 Bf5 20. Bxc6 bxc6 21.
Rxe5 Bxh3 22. Rde1 Qc8 23. Re7 Rg8 24. g6 Bf5 25. gxh7 Bxh7 26. Rh1 1-0

[Event "Bundesliga 2014/15"]
[Site "Eppingen GER"]
[Date "2014.10.19"]
[Round "2"]
[White "Schneider, Ilja"]
[Black "Bacrot, Etienne"]
[Result "1/2-1/2"]
[WhiteElo "2488"]
[BlackElo "2719"]
[PlyCount "36"]
[EventDate "2014.10.18"]
[EventType "team"]
[WhiteTeam "SF Berlin 1903"]
[BlackTeam "OSG Baden-Baden"]

1. d4 Nf6 2. Bg5 d5 3. Bxf6 gxf6 4. c4 dxc4 5. e4 b5 6. a4 c6 7. axb5 cxb5 8.
Nc3 a6 9. Nxb5 axb5 10. Rxa8 Bb7 11. Ra1 e5 12. Be2 exd4 13. Nh3 Bb4+ 14. Kf1
Bxe4 15. Bf3 Bd3+ 16. Be2 Be4 17. Bf3 Bd3+ 18. Be2 Be4 1/2-1/2

[Event "Bundesliga 2014/15"]
[Site "Eppingen GER"]
[Date "2014.10.19"]
[Round "2"]
[White "Naiditsch, Arkadij"]
[Black "Dann, Matthias"]
[Result "1-0"]
[WhiteElo "2710"]
[BlackElo "2452"]
[PlyCount "63"]
[EventDate "2014.10.18"]
[EventType "team"]
[WhiteTeam "OSG Baden-Baden"]
[BlackTeam "SF Berlin 1903"]

1. e4 c5 2. Ne2 Nf6 3. Nbc3 d5 4. e5 Nfd7 5. f4 Nc6 6. g3 e6 7. Bg2 Be7 8. O-O
O-O 9. d3 f6 10. exf6 Nxf6 11. h3 a6 12. g4 b5 13. Ng3 Qc7 14. Nce2 d4 15. f5
Bd6 16. Nf4 exf5 17. g5 Ne8 18. Ngh5 Ra7 19. Qe1 Ne5 20. g6 hxg6 21. Bd5+ Rf7
22. Nxg6 Bb7 23. Bf4 Bxd5 24. Bxe5 Qd8 25. Qg3 Rad7 26. Rae1 Be7 27. Kh2 Bb7
28. Nhf4 Bd6 29. Rg1 Nf6 30. Ne6 Qb8 31. Qh4 Nh7 32. Ng5 1-0

[Event "Czech League (Extraliga) 2014/15"]
[Site "Prague CZE"]
[Date "2014.11.01"]
[Round "1"]
[White "Cerveny, Martin"]
[Black "Harikrishna, Pentala"]
[Result "0-1"]
[WhiteElo "2400"]
[BlackElo "2725"]
[PlyCount "74"]
[EventDate "2014.11.01"]
[WhiteTeam "2222 SK Polabiny"]
[BlackTeam "1. SK Novoborsky"]

1. d4 Nf6 2. Nf3 d6 3. g3 g6 4. Bg2 Bg7 5. O-O O-O 6. c4 Nbd7 7. Nc3 e5 8. Qc2
Re8 9. Rd1 exd4 10. Nxd4 Nc5 11. b3 Bd7 12. Bb2 a5 13. a3 Qc8 14. Rd2 Bh3 15.
Bf3 c6 16. Rad1 Qc7 17. b4 axb4 18. axb4 Ne6 19. Nxe6 Rxe6 20. e3 Qe7 21. b5
Rc8 22. Qb3 Nd7 23. Ne2 Bxb2 24. Rxb2 Ne5 25. Bg2 Bxg2 26. Kxg2 Qf6 27. e4 Nxc4
28. Rc2 Rxe4 29. bxc6 bxc6 30. Qb7 Rce8 31. Nc3 Re1 32. Rxe1 Rxe1 33. Qa6 Qf5
34. Ra2 Qd3 35. Qc8+ Kg7 36. Ra8 Qf1+ 37. Kf3 Ne5+ 0-1

[Event "Czech League (Extraliga) 2014/15"]
[Site "Prague CZE"]
[Date "2014.11.01"]
[Round "1"]
[White "Ftacnik, Lubomir"]
[Black "Kryvoruchko, Yuriy"]
[Result "1/2-1/2"]
[WhiteElo "2558"]
[BlackElo "2706"]
[PlyCount "69"]
[EventDate "2014.11.01"]
[WhiteTeam "Zikuda Turnov"]
[BlackTeam "Rapid Pardubice"]

1. Nf3 Nf6 2. c4 e6 3. g3 d5 4. Bg2 Be7 5. O-O O-O 6. d4 dxc4 7. Qa4 a6 8. Qxc4
b5 9. Qc2 Bb7 10. Bf4 Nc6 11. Rd1 Nb4 12. Qc1 Nbd5 13. Nc3 Nxf4 14. Qxf4 Qb8
15. Rac1 Rc8 16. Ng5 Bxg2 17. Kxg2 c5 18. dxc5 Qxf4 19. gxf4 Rxc5 20. e3 Rac8
21. Nf3 Ne4 22. Ne2 Bf6 23. Rxc5 Rxc5 24. Nfd4 Kf8 25. Kf3 Bxd4 26. Nxd4 Nf6
27. Nb3 Rc2 28. Rd8+ Ke7 29. Ra8 Rxb2 30. Rxa6 Nd5 31. Ra7+ Ke8 32. Ra8+ Ke7
33. Ra7+ Ke8 34. Ra8+ Ke7 35. Ke4 1/2-1/2

[Event "Czech League (Extraliga) 2014/15"]
[Site "Prague CZE"]
[Date "2014.11.02"]
[Round "2"]
[White "Harikrishna, Pentala"]
[Black "Movsesian, Sergei"]
[Result "1/2-1/2"]
[WhiteElo "2725"]
[BlackElo "2659"]
[PlyCount "81"]
[EventDate "2014.11.01"]
[WhiteTeam "1. SK Novoborsky"]
[BlackTeam "Rapid Pardubice"]

1. e4 c5 2. Nf3 e6 3. c3 Nf6 4. e5 Nd5 5. d4 cxd4 6. cxd4 d6 7. Bc4 Nc6 8. O-O
Be7 9. exd6 Qxd6 10. Nc3 O-O 11. Ne4 Qd8 12. a3 b6 13. Qd3 Bb7 14. Neg5 g6 15.
Re1 Bf6 16. Ne4 Bg7 17. Bg5 f6 18. Bd2 Qd7 19. Re2 Kh8 20. Rae1 Rad8 21. h4 Nc7
22. Qb3 Nd5 23. Ng3 Rfe8 24. Bxd5 Qxd5 25. Qxd5 Rxd5 26. Rxe6 Rxe6 27. Rxe6 Kg8
28. Bc3 Kf7 29. Re1 Rd7 30. Ne4 Ne7 31. Bb4 Bxe4 32. Rxe4 Nd5 33. Bd2 Rc7 34.
Re1 Rc2 35. Rb1 Ke6 36. Kf1 Kf5 37. Ke2 Ke4 38. Ne1 Rc4 39. Nf3 Rc2 40. Ne1 Rc4
41. Nf3 1/2-1/2

[Event "Bundesliga 2014/15"]
[Site "Baden-Baden GER"]
[Date "2014.11.07"]
[Round "3"]
[White "Harikrishna, Pentala"]
[Black "Bacrot, Etienne"]
[Result "1/2-1/2"]
[WhiteElo "2727"]
[BlackElo "2719"]
[PlyCount "61"]
[EventDate "2014.10.18"]
[EventType "team"]
[WhiteTeam "SC Eppingen"]
[BlackTeam "OSG Baden-Baden"]

1. e4 e5 2. Nf3 Nc6 3. Bb5 Nf6 4. Qe2 Bc5 5. c3 O-O 6. O-O d6 7. Rd1 Bb6 8. h3
Re8 9. d3 Bd7 10. Nbd2 Ne7 11. Bxd7 Qxd7 12. Nc4 Ng6 13. Bg5 Qe6 14. a4 c6 15.
Nxb6 axb6 16. Bxf6 Qxf6 17. Qe3 Ra6 18. d4 exd4 19. Qxd4 Qxd4 20. Rxd4 b5 21.
Rxd6 bxa4 22. Rd7 Rb6 23. Rxa4 Rxb2 24. Ra7 h6 25. Rdxb7 Rxb7 26. Rxb7 Rxe4 27.
Rb4 Rxb4 28. cxb4 Ne7 29. Nd4 Kf8 30. Kf1 Ke8 31. b5 1/2-1/2

[Event "Bundesliga 2014/15"]
[Site "Baden-Baden GER"]
[Date "2014.11.07"]
[Round "3"]
[White "Postny, Evgeny"]
[Black "Kasimdzhanov, Rustam"]
[Result "0-1"]
[WhiteElo "2652"]
[BlackElo "2706"]
[PlyCount "76"]
[EventDate "2014.10.18"]
[EventType "team"]
[WhiteTeam "SC Eppingen"]
[BlackTeam "OSG Baden-Baden"]

1. d4 Nf6 2. c4 e6 3. Nf3 d5 4. Nc3 c6 5. Bg5 h6 6. Bxf6 Qxf6 7. e3 g6 8. Be2
Bg7 9. e4 O-O 10. O-O Nd7 11. Qc2 dxc4 12. Bxc4 c5 13. d5 Nb6 14. dxe6 Nxc4 15.
Nd5 Qxe6 16. Qxc4 b6 17. Rad1 Bb7 18. Rfe1 Rad8 19. b4 cxb4 20. Qxb4 Kh8 21.
Nf4 Qe8 22. Rxd8 Qxd8 23. Qa3 Qb8 24. Qe7 Bc6 25. e5 Kg8 26. Nd4 Bb7 27. Nd3
Re8 28. Qd7 Rd8 29. Qg4 Qc8 30. Qxc8 Rxc8 31. Nb5 Rd8 32. Nd6 Ba6 33. Nb4 Bxe5
34. Nxf7 Kxf7 35. Nxa6 Rd4 36. Kf1 Bd6 37. Rc1 Ra4 38. Nc7 Rxa2 0-1

[Event "Bundesliga 2014/15"]
[Site "Baden-Baden GER"]
[Date "2014.11.07"]
[Round "3"]
[White "Vallejo Pons, Francisco"]
[Black "Acs, Peter"]
[Result "1/2-1/2"]
[WhiteElo "2716"]
[BlackElo "2594"]
[PlyCount "142"]
[EventDate "2014.10.18"]
[EventType "team"]
[WhiteTeam "OSG Baden-Baden"]
[BlackTeam "SC Eppingen"]

1. d4 d5 2. c4 c6 3. Nc3 Nf6 4. e3 a6 5. Qc2 e6 6. Nf3 c5 7. a3 dxc4 8. Bxc4
Nbd7 9. Ba2 Be7 10. O-O Qc7 11. Qe2 O-O 12. e4 cxd4 13. Nxd4 b5 14. e5 Qxe5 15.
Nc6 Qc5 16. Qf3 Bd6 17. Be3 Ne5 18. Ne7+ Bxe7 19. Qxa8 Qc7 20. Qa7 Bb7 21. Rac1
Nfg4 22. Rfd1 Nc6 23. Qb6 Qxh2+ 24. Kf1 Rb8 25. Ne4 Qe5 26. Bb1 f5 27. Rxc6
Bxc6 28. Qxc6 Nxe3+ 29. fxe3 fxe4 30. Qxe4 Rf8+ 31. Kg1 Qxe4 32. Bxe4 Bg5 33.
Rd3 g6 34. b4 Rf7 35. Kh2 Ra7 36. Bc6 Kg7 37. Rd7+ Rxd7 38. Bxd7 Kf6 39. e4 Ke5
40. Bc8 Bc1 41. Bxa6 Bxa3 42. Bxb5 Kxe4 43. Bc4 e5 44. Bg8 h6 45. Bh7 Kf5 46.
g4+ Kf6 47. Bg8 e4 48. Bc4 Bxb4 49. Be2 Kg5 50. Kg2 Kf4 51. Bd1 Ke3 52. Kf1 Bd6
53. Be2 Bf4 54. Bd1 g5 55. Be2 Be5 56. Bd1 Bg7 57. Be2 Kf4 58. Kg2 h5 59. gxh5
g4 60. Bb5 Kg5 61. Bc6 e3 62. Bb5 Kxh5 63. Be2 Kg5 64. Bd1 Kf4 65. Be2 Be5 66.
Bd1 g3 67. Be2 Ke4 68. Bb5 Kd4 69. Kf3 Bf4 70. Bf1 Kc3 71. Ke2 Kd4 1/2-1/2